L' attraversamento della grande acqua : diario di una consulenza filosofica : viaggio iniziatico nell' Alchimia dell' I Ching /

সংরক্ষণ করুন:
গ্রন্থ-পঞ্জীর বিবরন
প্রধান লেখক: Carriero, Lino
বিন্যাস: গ্রন্থ
ভাষা:ইতালিয়
প্রকাশিত: Roma : Libreria Croce, [2009]
মালা:Ozio sapiente
ট্যাগগুলো: ট্যাগ যুক্ত করুন
কোনো ট্যাগ নেই, প্রথমজন হিসাবে ট্যাগ করুন!

MARC

LEADER 00000nam a22000007i 4500
001 IT\ICCU\UBO\3830928
003 ItRI
005 20260115232127.0
008 101209s2009 it |||||| ||||| |||||c
020 |a 9788864020563 
040 |b ita  |c importazione bologna sebina 
041 7 |a ita  |2 ISO-639-2 
100 1 |a Carriero, Lino  |0 IT\ICCU\UBOV\382620 
245 1 3 |a L' attraversamento della grande acqua :  |b diario di una consulenza filosofica : viaggio iniziatico nell' Alchimia dell' I Ching /  |c Lino Carriero. 
260 |a Roma :  |b Libreria Croce,  |c [2009] 
300 |a 185 p. ;  |c 21 cm. 
830 0 |a Ozio sapiente  |0 IT\ICCU\CFI\0966229 
942 |2 ddc  |c BK  |n 0 
952 |0 0  |1 0  |4 0  |6 DOC_853_920000000000000_CAR  |7 0  |9 20527  |a BO  |b BO  |d 2026-01-15  |i 14022  |l 0  |o DOC 853.92 CAR  |p BO14022  |r 2026-01-15 23:21:27  |w 2026-01-15  |x [Sebina 5] [1 v.]  |y BK  |z 1 v. 
999 |c 17525  |d 17525